Bank-insurance M&A deals : an empirical investigation of the risk- return effects on acquiring firms and on the financial industry /
Saved in:
| Main Author: | |
|---|---|
| Format: | Thesis |
| Language: | English |
| Published: |
London :
Sir John Cass Business School, City University,
2011
|
| Subjects: | |
| Tags: |
Add Tag
No Tags, Be the first to tag this record!
|
| LEADER | 010290000a22002170004500 | ||
|---|---|---|---|
| 008 | 141205t2011 enka g m 000 0 eng d | ||
| 040 | |a UIAM |b eng | ||
| 050 | 4 | |a HG1616.I47 | |
| 100 | 1 | |a Dontis-Charitos, Panagiotis | |
| 245 | 1 | 0 | |a Bank-insurance M&A deals : |b an empirical investigation of the risk- return effects on acquiring firms and on the financial industry / |c by Panagiotis Dontis-Charitos |
| 260 | |a London : |b Sir John Cass Business School, City University, |c 2011 | ||
| 300 | |a vii, 275 leaves : |b col. ill., graph ; |c 30 cm. | ||
| 502 | |a Thesis (Ph.D)--Sir John Cass Business School, City University, 2011. | ||
| 504 | |a Includes bibliographical references (leaves 263-275). | ||
| 596 | |a 1 | ||
| 650 | 0 | |a Banks and banking |x Insurance business | |
| 655 | 0 | 7 | |a Theses, Facsimile edition |
| 710 | 2 | |a City University | |
| 900 | |a amr-hj-mrm | ||
| 999 | |c 439108 |d 467767 | ||
| 952 | |0 0 |6 TI HG 001616 I47 D688B 2011 |7 0 |8 THESES |9 760099 |a IIUM |b IIUM |c MULTIMEDIA |g 700.00 |o ti HG 1616 I47 D688B 2011 |p 11100338286 |r 2017-10-23 |t 1 |v 700.00 |y THESIS | ||
